Les ressources stylistiques du francais contemporain.

Saved in:
Bibliographic Details
Main Author: Godin, Henri J G.
Format: Book
Language:French
Published: Oxford : Blackwell, 1948.
Subjects:
LEADER 00583nam a22001931a 4500
001 c000362988
003 CARM
005 20001006203719.0
008 851113s1948 enk 0 fre d
019 1 |a 4149764 
040 |a NUN  |b eng  |c NUN 
082 0 4 |a 445.2 
100 1 |a Godin, Henri J G. 
245 1 4 |a Les ressources stylistiques du francais contemporain. 
260 |a Oxford :  |b Blackwell,  |c 1948. 
300 |a viii, 223 p. ;  |c 22 cm. 
650 0 |a French language  |x Style. 
650 0 |a French language  |x Syntax. 
999 f f |i 529b9569-0c81-51a1-973a-def3df080891  |s 73e808b9-2de8-5bfe-8b27-cacdf232f266